Peasants in distress : (Record no. 58979)
[ view plain ]
| 000 -LEADER | |
|---|---|
| fixed length control field | 00974nam a2200265 a 4500 |
| 001 - CONTROL NUMBER | |
| control field | 58979 |
| 003 - CONTROL NUMBER IDENTIFIER | |
| rucl marc code | BD-RjUL |
| 005 - DATE AND TIME OF LATEST TRANSACTION | |
| control field | 20211209080700.0 |
| 008 - FIXED-LENGTH DATA ELEMENTS--GENERAL INFORMATION | |
| fixed length control field | 161220s1991 us 001 0 eng d |
| 020 ## - INTERNATIONAL STANDARD BOOK NUMBER | |
| International Standard Book Number | 0813379725 |
| 035 ## - SYSTEM CONTROL NUMBER | |
| System control number | (BD-RjUL)59103 |
| 040 ## - CATALOGING SOURCE | |
| Original cataloging agency | BD-RjUL |
| Language of cataloging | eng |
| Transcribing agency | BD-RjUL |
| Modifying agency | BD-RjUL |
| 041 ## - LANGUAGE CODE | |
| Language code of text/sound track or separate title | eng |
| 082 ## - DEWEY DECIMAL CLASSIFICATION NUMBER | |
| Edition number | 23 |
| Classification number | 331.137293 |
| Author mark and year | VAP 1991 |
| 100 1# - MAIN ENTRY--PERSONAL NAME | |
| Personal name | Vargas-Lundius, Rosemary. |
| 9 (RLIN) | 175389 |
| 245 10 - TITLE STATEMENT | |
| Title | Peasants in distress : |
| Remainder of title | poverty and unemployment in the Dominican Republic / |
| Statement of responsibility, etc. | Rosemary Vargas-Lundius. |
| 260 ## - PUBLICATION, DISTRIBUTION, ETC. (IMPRINT) | |
| Place of publication, distribution, etc. | United state : |
| Name of publisher, distributor, etc. | Westview Press, |
| Date of publication, distribution, etc. | c1991. |
| 300 ## - PHYSICAL DESCRIPTION | |
| Pagination | xxi, 387 p. : |
| Illustrations | ill. ; |
| Size | 23 cm. |
| 490 1# - SERIES STATEMENT | |
| Series statement | Series in political economy and economic development in Latin America. |
| 500 ## - GENERAL NOTE | |
| General note | Includes index |
| 650 #0 - SUBJECT ADDED ENTRY--TOPICAL TERM | |
| Topical term or geographic name as entry element | Unemployment |
| Geographic subdivision | Dominican Republic |
| 9 (RLIN) | 175390 |
| 651 #0 - SUBJECT ADDED ENTRY--GEOGRAPHIC NAME | |
| Geographic name | Dominican Republic |
| General subdivision | Economic conditions |
| 9 (RLIN) | 175391 |
| 830 #0 - SERIES ADDED ENTRY--UNIFORM TITLE | |
| Uniform title | Series in political economy and economic development in Latin America. |
| 942 ## - ADDED ENTRY ELEMENTS (KOHA) | |
| Source of classification or shelving scheme | Dewey Decimal Classification |
| Koha item type | Books |
| Lost status | Source of classification or shelving scheme | Damaged status | Not for loan | Collection code | Permanent Location | Current Location | Shelving location | Date acquired | Source of acquisition | Total Checkouts | Full call number | Date last seen | Copy number | Koha item type |
|---|---|---|---|---|---|---|---|---|---|---|---|---|---|---|
| Dewey Decimal Classification | Not For Loan | Non-fiction | Central Library, University of Rajshahi | Central Library, University of Rajshahi | Reading Room | 05/09/1993 | Asia foundation | 331.137293 VAP 1991 | 20/12/2016 | C-1 | Books |